00343nam a2200109Ia 4500008004100000041000800041082001400049100001200063245010600075260003300181300001900214241015s9999 xx 000 0 und d aeng a005.5 LIO aLionell aFrom Data To Stories : An End To End Guide To Storytelling With Data Comics For The Absolute Beginner bWiley IndiaaNew Delhic2021 a102;. P. 23 cm